000 00451nam a2200193Ia 4500
005 20240823033002.0
008 240823s9999||||xx |||||||||||||| ||und||
020 _a978-81-203-2652-1
041 _aENGLISH
082 _A624.1834 Q2
100 _aVarghese P C
245 0 _aFoundation Engineering
250 _a1st
260 _c2012
_b"PHI,New "
_aNew Delhi
500 _aYES
650 _aFoundation
_bCivil
942 _cBK
999 _c194736
_d194736